| 000 | 00973nas a2200325 4500 | ||
|---|---|---|---|
| 001 | BR0802133 | ||
| 003 | BR-BrBNA | ||
| 005 | 20231205111921.0 | ||
| 007 | ta | ||
| 008 | 230509b bl.|||p| |||| 00| 00por d | ||
| 040 |
_aBR-BrBNA _bpor _cBiblioteca Nacional de Agricultura |
||
| 041 | _a(Pt) | ||
| 072 | _aL73; L60 | ||
| 100 | 1 | _aFantinatti, E.C.S. | |
| 100 | 1 | _aDuque, J.E.L. | |
| 100 | 1 | _aSilva, A.M. | |
| 100 | 1 | _aSilva, M.A.N. | |
| 245 | 1 | _aAbundância e agregação de ovos de Aedes aegypti L. e Aedes albopictus (Skuse)(Diptera: Culicidae)no Norte e Nordeste do Paraná | |
| 650 | _aINSETO | ||
| 650 | _aTAXONOMIA ANIMAL | ||
| 650 | _aOVO | ||
| 650 | _aAEDES AEGIPTI | ||
| 650 | _aECOLOGIA ANIMAL | ||
| 650 | _aDENGUE | ||
| 650 | _aMOSQITO | ||
| 650 | _aPARANÁ | ||
| 773 | 0 |
_tNeotropical Entomology (Brasil) _xISSN 1519-566X _g(Nov-Dec 2007), v. 36(6) p. 960-965 _wBR0802133 |
|
| 909 |
_a202311 _bLúcia _c55 _dLúcia Elande |
||
| 942 |
_2AGRIS _n0 _cANA |
||
| 999 |
_c195130 _d195130 |
||